Biblioteca y Centro de Documentación

INEbase septiembre '12 (Registro nro. 24748)

Detalles MARC
000 -CABECERA
Longitud fija campo de control 02895nam a2200505 c 4500
001 - NÚMERO DE CONTROL
Número de control 24748
003 - IDENTIFICADOR DE NÚMERO DE CONTROL
Identificador del número de control ES-MaCES
005 - FECHA Y HORA DE LA ÚLTIMA TRANSACCIÓN
Fecha y hora de la última transacción 20150925133422.0
008 - CAMPO FIJO DE DESCRIPCIÓN FIJA--INFORMACIÓN GENERAL
Códigos de información de longitud fija   121116s2012 sp d rs o000 | spa d
017 ## - NÚMERO DE REGISTRO DE DERECHOS DE AUTOR Y DEPÓSITO LEGAL
Número de copyright o de depósito legal M 3722-2004
Agencia que asigna el número DL
024 7# - OTROS IDENTIFICADORES
Número normalizado o código 729-12-001-9
Fuente del número o código nipo
035 ## - NÚMERO DE CONTROL DEL SISTEMA
Número de control del sistema CES20120007388m
040 ## - FUENTE DE CATALOGACIÓN
Centro catalogador de origen ES-MaCES
Lengua de catalogación spa
Centro transcriptor ES-MaCES
245 00 - MENCIÓN DE TÍTULO
Título INEbase septiembre '12
Medio Recurso electrónico
Resto del título : Boletín mensual de estadística (BME), septiembre 2012 ; Índicadores coyunturales : Índice de precios de consumo (IPC) base 2011, Índice de precios de consumo armonizado (IPCA) base 2005, Índice de precios industriales base 2005 CNAE-2009 (IPRI), Índice de producción industrial base 2005 CNAE-2009 (IPI), Índices de comercio al por menor base 2005 CNAE-2009 (ICM) ; Encuesta trimestral de coste laboral ETCL base 2008, serie 1º trim. 2000-2º trim. 2012 ; Índice de coste laboral armonizado ICLA base 2008, serie 1º trim. 2000-2º trim. 2012 ; Estadística de nulidades, separaciones y divorcios 2011 ; Estadística de condenados 2010 (definitivos) y 2011 (provisionales) ; Estadística de menores 2011 (provisionales) ; Estadística de filiales de empresas extranjeras en España 2010 ; Estadística de filiales de empresas españolas en el exterior 2010 : Estadística de efectos de comercio impagados 2011
Mención de responsabilidad, etc. Instituto Nacional de Estadística
260 ## - PUBLICACIÓN, DISTRIBUCIÓN, ETC (PIE DE IMPRENTA)
Lugar de publicación, distribución, etc. Madrid
Nombre del editor, distribuidor, etc. INE
Fecha de publicación, distribución, etc. [2012]
300 ## - DESCRIPCIÓN FÍSICA
Extensión 1 CD-ROM
Dimensiones 12 cm
500 ## - NOTA GENERAL
Nota general Tít. tomado de la etiqueta del CD-ROM
500 ## - NOTA GENERAL
Nota general Publ. seriada mensual (ISSN 1697-3259), que concentra en un único soporte el Boletín mensual de estadística (BME) y todas las publ. electrónicas, tanto monografías como publ. periódicas, que se publican a lo largo del mes. A su vez, toda la información se mantiene y consolida en la base de datos INEbase, de acceso gratuito en internet
500 ## - NOTA GENERAL
Nota general Características del sistema: sistema operativo windows 95/98
541 ## - NOTA DE LA FUENTE INMEDIANTE DE ADQUISICIÓN
Forma de adquisición Gratuito
650 #4 - ASIENTO SECUNDARIO DE MATERIA--TÉRMINO DE MATERIA
Término de materia o nombre geográfico como elemento inicial fijación del precio
9 (RLIN) 28285
650 #4 - ASIENTO SECUNDARIO DE MATERIA--TÉRMINO DE MATERIA
Término de materia o nombre geográfico como elemento inicial precio al consumidor
9 (RLIN) 27914
650 #4 - ASIENTO SECUNDARIO DE MATERIA--TÉRMINO DE MATERIA
Término de materia o nombre geográfico como elemento inicial producción industrial
9 (RLIN) 27653
650 #4 - ASIENTO SECUNDARIO DE MATERIA--TÉRMINO DE MATERIA
Término de materia o nombre geográfico como elemento inicial comercio minorista
9 (RLIN) 27952
650 #4 - ASIENTO SECUNDARIO DE MATERIA--TÉRMINO DE MATERIA
Término de materia o nombre geográfico como elemento inicial coste de la mano de obra
9 (RLIN) 28283
650 #4 - ASIENTO SECUNDARIO DE MATERIA--TÉRMINO DE MATERIA
Término de materia o nombre geográfico como elemento inicial divorcio
9 (RLIN) 29240
650 #4 - ASIENTO SECUNDARIO DE MATERIA--TÉRMINO DE MATERIA
Término de materia o nombre geográfico como elemento inicial sanción penal
9 (RLIN) 27055
650 #4 - ASIENTO SECUNDARIO DE MATERIA--TÉRMINO DE MATERIA
Término de materia o nombre geográfico como elemento inicial prisionero
9 (RLIN) 29345
650 #4 - ASIENTO SECUNDARIO DE MATERIA--TÉRMINO DE MATERIA
Término de materia o nombre geográfico como elemento inicial menor de edad
9 (RLIN) 30824
650 #4 - ASIENTO SECUNDARIO DE MATERIA--TÉRMINO DE MATERIA
Término de materia o nombre geográfico como elemento inicial empresa extranjera
9 (RLIN) 27140
650 #4 - ASIENTO SECUNDARIO DE MATERIA--TÉRMINO DE MATERIA
Término de materia o nombre geográfico como elemento inicial suspensión de pagos
9 (RLIN) 31383
650 #4 - ASIENTO SECUNDARIO DE MATERIA--TÉRMINO DE MATERIA
Término de materia o nombre geográfico como elemento inicial España
9 (RLIN) 26964
650 #4 - ASIENTO SECUNDARIO DE MATERIA--TÉRMINO DE MATERIA
Término de materia o nombre geográfico como elemento inicial 2012
9 (RLIN) 31808
650 #4 - ASIENTO SECUNDARIO DE MATERIA--TÉRMINO DE MATERIA
Término de materia o nombre geográfico como elemento inicial encuesta
9 (RLIN) 28856
650 #4 - ASIENTO SECUNDARIO DE MATERIA--TÉRMINO DE MATERIA
Término de materia o nombre geográfico como elemento inicial datos estadísticos
9 (RLIN) 30765
650 #4 - ASIENTO SECUNDARIO DE MATERIA--TÉRMINO DE MATERIA
Término de materia o nombre geográfico como elemento inicial CD ROM
9 (RLIN) 30331
653 10 - TÉRMINO DE INDEXACIÓN--NO CONTROLADO
Término no controlado Estadísticas
650 #4 - ASIENTO SECUNDARIO DE MATERIA--TÉRMINO DE MATERIA
9 (RLIN) 28178
Término de materia o nombre geográfico como elemento inicial empresa
710 2# - ENCABEZAMIENTO SECUNDARIO--NOMBRE CORPORATIVO
Nombre de entidad o nombre de jurisdicción como elemento inicial Instituto Nacional de Estadística (España)
9 (RLIN) 4273
787 0# - ENTRADA DE OTRAS ESPECIFICACIONES
Título INEbase octubre '12
Número de control del registro relacionado (ES-MaCES)24819
787 0# - ENTRADA DE OTRAS ESPECIFICACIONES
Título INEbase agosto '12
Número de control del registro relacionado (ES-MaCES)24722
902 ## - CES. TIPO DE DOCUMENTO
Tipodoc (006$c Sirtex) ELE PUB. ELECTRONICA
942 ## - ELEMENTOS KOHA
Fuente de clasificaión o esquema Clasificación propia del CES
Koha [por defecto] tipo de item Monografías
Parte de clasificación 8.0.
Existencias
Número de registro Signatura completa Tipo de item de Koha
082398 SR-CD-1077 Monografías
© CES, Consejo Económico y Social de España 2021